Normal view
MARC view
- Mohsin, NC Syed Raza TCC-16
Entry Personal Name
001 - CONTROL NUMBER
- control field: 131961
003 - CONTROL NUMBER IDENTIFIER
- control field: NUST
005 - DATE AND TIME OF LATEST TRANSACTION
- control field: 20251119183101.0
008 - FIXED-LENGTH DATA ELEMENTS
- fixed length control field: 251119|| aca||aabn | a|a d
040 ## - CATALOGING SOURCE
- Original cataloging agency: NUST
- Transcribing agency: NUST
100 ## - HEADING--PERSONAL NAME
- Personal name: Mohsin, NC Syed Raza TCC-16
670 ## - SOURCE DATA FOUND
- Source citation: Work cat.: (NUST)183673: Mohsin, NC Syed Raza TCC-16, Mitigation of denial of service attack using IP traceback, 2008
